Encuentro Latinoamericano de extensión universitaria declaración final. La Habana, Cuba.
Shranjeno v:
| Format: | Neznan |
|---|---|
| Teme: | |
| Oznake: |
Označite
Brez oznak, prvi označite!
|
MARC
| LEADER | 000000000a22000000004500 | ||
|---|---|---|---|
| 001 | 004384 | ||
| 245 | 0 | 0 | |a Encuentro Latinoamericano de extensión universitaria declaración final. La Habana, Cuba. |
| 310 | |a semestral | ||
| 650 | 4 | |a EDUCACION SUPERIOR | |
| 650 | 4 | |a EXTENSION UNIVERSITARIA | |
| 650 | 4 | |a PROYECCION SOCIAL, INVESTIGACION UNIVERSITARIA | |
| 650 | 4 | |a QUEHACER ACADEMICO | |
| 650 | 4 | |a DOCENCIA | |
| 650 | 4 | |a EDUCACION UNIVERSITARIA | |
| 650 | 4 | |a PLANIFICACION UNIVERSITARIA | |
| 773 | 0 | |x 1409-2263 |d Costa Rica : Editorial de la Universidad Nacional |t Imágenes |g número 7 (1997), páginas 125-127 | |
| 942 | |c ARC | ||
| 999 | |c 11367 |d 11367 | ||
